| 000 | 00429nam a2200157Ia 4500 | ||
|---|---|---|---|
| 999 |
_c18589 _d18589 |
||
| 003 | OSt | ||
| 005 | 20200702134339.0 | ||
| 008 | 190216s9999||||xx |||||||||||||| ||und|| | ||
| 040 | _coclc | ||
| 082 |
_a915 _bIDR/A |
||
| 100 |
_aIdrisi, Al _93465 |
||
| 245 | 0 |
_aAl Edrisiyude India / _cAl Idrisi |
|
| 260 |
_bCurrent Books, _aThrissur: _c1964. |
||
| 300 | _a155p | ||
| 942 |
_cBK _2ddc _h915 _iIDR/A _k915 _mIDR/A |
||